TOP 23 miasta w woj. Łódzkim - Statystyki

Ogólne statystyki
  • Ten quiz został rozwiązany 86 razy
  • Średni wynik to 17 z 22
Statystyki odpowiedzi
Ludność Miasto % Poprawnych
677 286 Łódź
100%
64 445 Pabianice
95%
72 785 Piotrków Trybunalski
95%
56 740 Bełchatów
94%
55 985 Zgierz
94%
47 932 Skierniewice
91%
43 658 Kutno
88%
61 645 Tomaszów Mazowiecki
87%
28 059 Łowicz
84%
45 686 Radomsko
84%
41 724 Sieradz
80%
41 499 Zduńska Wola
80%
22 125 Wieluń
77%
17 032 Łask
76%
13 899 Łęczyca
74%
20 936 Opoczno
74%
22 125 Aleksandrów Łódzki
73%
17 291 Rawa Mazowiecka
68%
18 270 Konstantynów Łódzki
57%
12 864 Koluszki
52%
19 260 Ozorków
49%
14 041 Głowno
41%
Nie znaleziono quizów pasujących do podanych kryteriów
Rozkład punktacji
Procent ludzi z każdym wynikiem
Percentyl według liczby udzielonych odpowiedzi
Twoja historia wyników
Nie rozwiązałeś tego quizu